One Piece All Characters Quiz by Image - Statistics

General Stats
  • This quiz has been taken 56 times
  • The average score is 206 of 443
Answer Stats
Picture Answer % Correct
Chopper
100%
Franky
100%
Luffy
100%
Nami
100%
Robin
100%
Sanji
100%
Usopp
100%
Zoro
100%
Brook
98%
Buggy
98%
Alvida
93%
Dracule Mihawk
93%
Arlong
90%
Jinbe
90%
Kuro
90%
Nefertari Vivi
85%
Crocodile
80%
Don Krieg
80%
Portgas D. Ace
80%
Bentham
78%
Daz Bonez
78%
Galdino
78%
Gin
78%
Shanks
78%
Boa Hancock
76%
Mr. 5
76%
Zeff
76%
Hatchan
73%
Jango
73%
Laboon
73%
Perona
73%
Trafalgar D. Water Law
73%
Aokiji
71%
Bellamy
71%
Charlotte Linlin
71%
Edward Newgate
71%
Eustass Kid
71%
Foxy
71%
Gecko Moria
71%
Gol D. Roger
71%
Iceburg
71%
Kaku
71%
Loki
71%
Mr. 4
71%
Rob Lucci
71%
Smoker
71%
Tom
71%
Bartholomew Kuma
68%
Blueno
68%
Brogy
68%
Donquixote Doflamingo
68%
Dorry
68%
Jaguar D. Saul
68%
Kaya
68%
King
68%
Kozuki Momonosuke
68%
Kuina
68%
Kureha
68%
Marshall D. Teach
68%
Monkey D. Dragon
68%
Oars
68%
Onion, Pepper & Carrot
68%
Sabo
68%
Vegapunk
68%
Wapol
68%
Absalom
66%
Akainu
66%
Axe-Hand Morgan
66%
Cabaji
66%
Enel
66%
Imu
66%
Jewelry Bonney
66%
Kalifa
66%
Karoo
66%
Kizaru
66%
Koby
66%
Marco
66%
Merry
66%
Monkey D. Garp
66%
Montblanc Noland
66%
Mr. 9
66%
Nefertari Cobra
66%
Nola
66%
Paulie
66%
Queen
66%
Yama
66%
Yamato
66%
Bartolomeo
63%
Bepo
63%
Carrot
63%
Hogback
63%
Killer
63%
Kozuki Oden
63%
Magellan
63%
Pell
63%
Rebecca
63%
Shimotsuki Ryuma
63%
Yasopp
63%
Caesar Clown
61%
Charlotte Katakuri
61%
Fujitora
61%
Hiriluk
61%
Igaram
61%
Jabra
61%
Kaido
61%
Leo
61%
Miss Valentine
61%
Neptune
61%
Pearl
61%
Sengoku
61%
Shirahoshi
61%
Silvers Rayleigh
61%
Spandam
61%
Tashigi
61%
Wyper
61%
X Drake
61%
Baby 5
59%
Cavendish
59%
Charlotte Oven
59%
Clou D. Clover
59%
Crocus
59%
Diamante
59%
Emporio Ivankov
59%
Kokoro
59%
Lola
59%
Makino
59%
Miss Merry Christmas
59%
Montblanc Cricket
59%
Pedro
59%
Pica
59%
Sugar
59%
Trebol
59%
Vinsmoke Reiju
59%
Viola
59%
Camie
56%
Charlotte Pudding
56%
Charlotte Smoothie
56%
Edward Weevil
56%
Fisher Tiger
56%
Helmeppo
56%
Hody Jones
56%
Jack
56%
Jaygarcia Saturn
56%
Kin'emon
56%
Kurozumi Tama
56%
Lao G
56%
Marcus Mars
56%
Miss Goldenweek
56%
Monet
56%
Rocks D. Xebec
56%
Ryokugyu
56%
Scratchmen Apoo
56%
Señor Pink
56%
Shiki
56%
Shiryu
56%
Vergo
56%
Vinsmoke Judge
56%
Vinsmoke Niji
56%
Vinsmoke Yonji
56%
Basil Hawkins
54%
Bell-mère
54%
Benn Beckman
54%
Black Maria
54%
Boa Sandersonia
54%
Buffalo
54%
Capone Bege
54%
Caribou
54%
Charlotte Brulee
54%
Charlotte Cracker
54%
Charlotte Perospero
54%
Donquixote Rosinante
54%
Jozu
54%
Koala
54%
Kozuki Toki
54%
Kurozumi Orochi
54%
Kyros
54%
Lucky Roux
54%
Nico Olvia
54%
Nojiko
54%
Richie
54%
Rosward Charlos
54%
Shu
54%
Boa Marigold
51%
Charlotte Daifuku
51%
Chew
51%
Dalton
51%
Denjiro
51%
Gan Fall
51%
Jesus Burgess
51%
Kawamatsu
51%
Kurozumi Kanjuro
51%
Laffitte
51%
Lilith
51%
Miss Doublefinger
51%
Miss Monday
51%
Mohji
51%
Morgans
51%
Otohime
51%
Page One
51%
Patty
51%
Sai
51%
Sanjuan Wolf
51%
Shepherd Ju Peter
51%
The Unluckies
51%
Ulti
51%
Urouge
51%
Van Augur
51%
Vinsmoke Ichiji
51%
Vista
51%
Wanda
51%
Ashura Doji
49%
Belo Betty
49%
Catarina Devon
49%
Dellinger
49%
Doc Q
49%
Hack
49%
Hajrudin
49%
Higuma
49%
Hina
49%
Inazuma
49%
Izou
49%
Kalgara
49%
Nekomamushi
49%
Raizo
49%
Scopper Gaban
49%
Shaka
49%
Shakuyaku
49%
Shinobu
49%
Tsuru
49%
Vander Decken IX
49%
Who's Who
49%
Atlas
46%
Chadros Higeliges
46%
Charlotte Chiffon
46%
Charlotte Mont D'Or
46%
Chimney & Gonbe
46%
Chinjao
46%
Conis
46%
Figarland Garling
46%
Gladius
46%
Inuarashi
46%
Karasu
46%
Kozuki Hiyori
46%
Mansherry
46%
Ohm
46%
Pekoms
46%
Sasaki
46%
Sentomaru
46%
Shachi & Penguin
46%
Stussy
46%
Thatch
46%
Topman Warcury
46%
Vasco Shot
46%
Woop Slap
46%
Avalo Pizarro
44%
Edison
44%
Fukaboshi
44%
Fullbody
44%
Genzo
44%
Gloriosa
44%
Ideo
44%
Kashi
44%
Kikunojo
44%
Koza
44%
Kuroobi
44%
Little Oars Jr.
44%
Morley
44%
Orlumbus
44%
Toko
44%
York
44%
Baron Tamago
41%
Charlotte Snack
41%
Domino
41%
Duval
41%
Elizabello II
41%
Fukurou
41%
Ginny
41%
Giolla
41%
Hannyabal
41%
Kong
41%
Kumadori
41%
Machvise
41%
Marguerite
41%
Momonga
41%
Oimo
41%
Pappag
41%
Pythagoras
41%
Rockstar
41%
Shimotsuki Yasuie
41%
Chaka
39%
Curly Dadan
39%
Moomoo
39%
Riku Doldo III
39%
Shushu
39%
Streusen
39%
Wadatsumi
39%
Bluejam
37%
Bogard
37%
Boo
37%
Carne
37%
Demaro Black
37%
Sadi
37%
Satori
37%
Sham
37%
Speed
37%
T Bone
37%
Victoria Cindry
37%
Aladine
34%
Blue Gilly
34%
Buchi
34%
Charlotte Flampe
34%
Charlotte Opera
34%
Coribou
34%
Dalmatian
34%
Ethanbaron V. Nusjuro
34%
Lindbergh
34%
Masira
34%
Squard
34%
Vitto
34%
Yokozuna
34%
Aisa
32%
Babanuki
32%
Bastille
32%
Buckingham Stussy
32%
Charlotte Galette
32%
Chess
32%
Doll
32%
Donquixote Mjosgard
32%
Gedatsu
32%
Hamburg
32%
Heracles
32%
Jean Bart
32%
Kiwi
32%
Pagaya
32%
Peepley Lulu
32%
Saldeath
32%
Bonk Punch & Monster
29%
Charlotte Praline
29%
Heat
29%
Manboshi
29%
Nero
29%
Prince Grus
29%
Ryuboshi
29%
Shishilian
29%
Suleiman
29%
Tilestone
29%
Blamenco
27%
Boodle
27%
Charlotte Amande
27%
Guernica
27%
Holedem
27%
John Giant
27%
Minotaurus
27%
Nezumi
27%
Porche
27%
Scarlett
27%
Surume
27%
Zambai
27%
Abdullah & Jeet
24%
Bluegrass
24%
Charlotte Compote
24%
Doberman
24%
Donquixote Homing
24%
Kuromarimo
24%
Minokoala
24%
Minorhinoceros
24%
Minozebra
24%
Mozu
24%
Namur
24%
Sarquiss
24%
Shura
24%
Shyarly
24%
Wire
24%
Zeo
24%
Bian
22%
Daruma
22%
Hotori & Kotori
22%
Ikaros Much
22%
Kozuki Sukiyaki
22%
Kujaku
22%
Limejuice
22%
Mocha
22%
Raki
22%
Shoujou
22%
Tonjit
22%
Aphelandra
20%
Big Pan
20%
Bobbin
20%
Brannew
20%
Daifugo
20%
Hibari
20%
Hyouzou
20%
Strawberry
20%
Sweet Pea
20%
Wicca
20%
Curiel
17%
Goti
17%
Kamakiri
17%
Kumashi
17%
Pickles
17%
Speed Jiru
17%
Capote
15%
Charlotte Custard
15%
Charlotte Raisin
15%
Gambia
15%
Gatz
15%
Hongo
15%
Joseph
15%
Kabu
15%
Ahiru
12%
Atmos
12%
Bao Huang
12%
Blenheim
12%
Braham
12%
Conney
12%
Dosun
12%
Fossa
12%
Haredas
12%
Haruta
12%
Holy
12%
Kingdew
12%
Maha
12%
Maynard
12%
McKinley
12%
Charlotte Myukuru
10%
Genbo
10%
Gyogyo
10%
Momousagi
10%
Rakuyo
10%
Tank Lepanto
10%
Tokikake
10%
Ushiano
10%
Briscola
7%
Dagama
7%
Gambo
7%
Gismonda
7%
Hammond
7%
Jiron
7%
Onigumo
7%
Stainless
7%
Yamakaji
7%
Withey Bay
5%
Strerry
2%
No matching quizzes found
Score Distribution
Percent of People with Each Score
Percentile by Number Answered
Your Score History
You have not taken this quiz